000 00946nas a2200277 4500
001 BR2011005041
003 BR-BrBNA
005 20231205115604.0
007 ta
008 230509b bl.|||p| |||| 00| 00por d
040 _aBR-BrBNA
_bpor
_cBiblioteca Nacional de Agricultura
041 _a(Pt)
072 _aF50
100 1 _aAlves, E.S.
100 1 _aTresmondi, F.
100 1 _aLongui, E.L.
245 1 _aAnálise estrutural de folhas de Eugenia uniflora L. (Myrtaceae)coletadas em ambientes rural e urbano, SP, Brasil
246 1 _aLeaf anatomy of Eugenia uniflora L. (Myrtaceae)in urban and rural environments, São Paulo State, Brazil
650 _aPITANGA
650 _aEUGENIA UNIFLORA
650 _aANATOMIA VEGETAL
650 _aFOLHA
773 0 _tActa Botanica Brasilica (Brazil)
_xISSN 0102-3306
_g(Jan-Mar 2008), v. 22(1) p. 241-248
_wBR2011005041
909 _a202311
_bLúcia
_c55
_dLúcia Elande
942 _2AGRIS
_n0
_cANA
999 _c214635
_d214635